00577cam a22001813a 450000100060000000300060000600500170001200800410002904000150007004200070008510000190009224501340011126000290024550600300027451600200030483000290032485600420035335287PGUSA20140828083748.0110214s2011||||xxu|||||s|||||000 | eng d aPGUSAbeng adc1 aCastillo, John10aAwd Isaac, The Steeple Chase, and other Poems :bWith a glossary of the Yorkshire Dialecth[electronic resource] /cJohn Castillo bProject Gutenberg,c2011 aPublic domain in the USA. aElectronic text 0aProject Gutenbergv3528740uhttp://www.gutenberg.org/ebooks/35287